000 00703nam a2200205Ii 4500
003 JO-AjNU
008 230605s9999||||xx |||||||||||||| ||und||
017 _a1989/1293
040 _aJO-AjNU
_bara
_erda
_cJO-AjNU
041 _aara
050 1 4 _aHF5415.2.D5923 1989
100 3 _aجي، ابي سعيد الديوه,
_eauthor
_957303
245 0 0 _aبحوث التسويق
264 3 1 _aالموصل: وزارة التعليم العالي، 1989
300 _a320ص
_bيحتوي على مصطلحات علمية وببلوغرافية من ص307-320ص
336 _atext
_btxt
_2rdacontent
337 _aunmediated
_bn
_2rdamedia
338 _avolume
_bnc
_2rdacarrier
650 4 _aتسويق
_957304
999 _aA25669
_c29237
_d29237